000
00196 a2200085 4500
020
_a
9780714877280
100
_a
RICHARD BURDETT
245
_a
SHAPING CITIES IN AN URBAN AGE
260
_b
PHAIDON PRESS
999
_c
13149
_d
13149